1960 1382 1765 1360 1267 1528 1306 1045 1696 1146 1495 1937 1190 1724 1823 1775 1000 1700 1899 1030 1021 1629 1286 1381 1045 1847 1470 1736 1495 1777 1317 1099 1710 1082 1859 1773 1672 1208 1076 1941 1116 1662 1571 1248 1857 1382 1577 1491 1280 1894 1687 1018 1068 1317 1817 1267 1044 1521 1327 1680 1793 1357 1544 1656 1422 1963 1217 1468 1208 1431 1042 1958 1628 1701 1247 1139 1442 1409 1345 1810 1615 1877 1753 1117 1130 1986 1247 1259 1421 1832 1340 1708 1467 1768 1182 1580 1349 1630 1802 BCNSPRNW ULIB Ver.6.0+V

เปลี่ยนเป็นภาษาไทย

Change to English
 แสดงรายละเอียดบรรณานุกรม
  กลับหน้าหลัก

Brief Record : Get Marc (ISO 2709) : E-mail record : QR code < ปิดหน้าต่าง
LEADER : 00000nam 2200000uu 4500
001    13399112067
003     ULIB
008    110627s2553||||th 000 0 tha d
090    นว.^bก535T 2553
100 0  ก้าวไกล
245 00 The House บ้านเช่า...วิญญาณหลอน/^cก้าวไกล
250    พิมพ์ครั้งที่ 1
260    กรุงเทพฯ :^bโซฟา,^c2553
300    248 หน้า
710 1  โซฟา
945    ^p185^l0^i028066
995    ทศพร
999 ^a ใช้งานได้ทุกระบบ
รายการนี้ยังไม่มีแท็ก
คุณยังไม่ได้ล็อกอิน คุณสามารถมีกิจกรรมร่วมกับเว็บไซต์ได้ แต่ต้องล็อกอินก่อน ::
  ล็อกอิน

รายการสื่อสารสนเทศ

ลำดับที่ ประเภท เลขเรียก/บาร์โค้ด สถานที่ สถานะ
- ไม่พบข้อมูล -

BibComment


ยังไม่เคยถูกคอมเมนท์

คอมเมนท์ทรัพยากรรายการนี้
  คอมเมนท์: The House บ้านเช..


 Copyright 2026. Bcnsprnw @Library